| 000 | 00751nam a2200253 a 4500 | ||
|---|---|---|---|
| 001 | 69698 | ||
| 003 | BD-RjUL | ||
| 005 | 20211209081921.0 | ||
| 008 | 170413s1966 nyua b 001 0 eng d | ||
| 035 | _a(BD-RjUL) 69910 | ||
| 040 |
_aDLC _cDLC _dBD-RjUL _beng |
||
| 041 | _aeng | ||
| 082 | 0 | 0 |
_a541.22 _223 _bHOM 1966 |
| 100 | 1 |
_aHochstrasser, Robin M. _9206445 |
|
| 245 | 1 | 0 |
_aMolecular aspects of symmetry / _c[by] Robin M. Hochstrasser. |
| 260 |
_aNew York : _bW. A. Benjamin, _cc1966. |
||
| 300 |
_axiii, 355 p. : _bill. ; _c24 cm. |
||
| 504 | _aBibliography: p. 330-331 & Index, | ||
| 650 | 0 |
_aMolecular theory. _9200995 |
|
| 650 | 0 |
_aSymmetry (Physics) _9206446 |
|
| 650 | 0 |
_aGroup theory. _9206447 |
|
| 942 |
_2ddc _cBK |
||
| 999 |
_c69698 _d69698 |
||